000 01266nam a22002537a 4500
005 20250827145447.0
008 240903b ||||| |||| 00| 0 eng d
082 _aDPer 796.07 J826 July-October 2019 January-April 2020 v. 38, 39 n. 3-4, 1-2
100 _aWebster, Collin A.
_eauthor.
_959894
245 _aMeasuring and comparing physical education teachers' perceived attributes of CSPAPS :
_ban innovation adoption perspective /
_cCollin A. Webster, Diana Mindrila, Chanta Moore, Gregory Stewart, Karie Orendorff, and Sally Taunton.
260 _aChampaign, Illinois ;
_bHuman Kinetics, Inc. ,
_cJanuary 2020.
300 _aVolume 39, pages 78-90 :
_billustration ;
_c28 cm.
500 _aJournal of Teaching in Physical Education, vol. 39, no. 1, pages 78-90, January 2020.
650 0 _aComprehensive school physical activity program.
_967088
650 0 _a Diffusion of innovations theory.
_967081
650 0 _aNew program adoption.
_967082
700 _aWebster, Collin A.
_eauthor.
_959894
700 _aMindrila, Diana.
_eauthor.
_959895
700 _aMoore, Chanta.
_eauthor.
_959896
700 _aStewart, Gregory.
_eauthor.
_959897
700 _aOrendorff, Karie.
_eauthor.
_959898
700 _aTaunton, Sally.
_eauthor.
_959899
942 _2ddc
_cPER
999 _c21212
_d21212